[Event "Mahalla op 15th"]
[Site "Mahalla"]
[Date "2014.05.01"]
[Round "9"]
[White "Ismail, Youssef"]
[Black "Sharaf Eldin, Tamer"]
[Result "1-0"]
[WhiteElo "2149"]
[BlackElo "1988"]
[PlyCount "85"]
[EventDate "2014.04.22"]
[EventType "swiss"]
[EventRounds "9"]
[EventCountry "EGY"]
[SourceTitle "EXT 2015"]
[Source "ChessBase"]
[SourceDate "2014.11.20"]
[SourceVersion "1"]
[SourceVersionDate "2014.11.20"]
[SourceQuality "1"]

1. c4 Nf6 2. d4 e6 3. Nc3 d5 4. Bg5 Be7 5. e3 0-0 6. Nf3 b6 7. Rc1 Bb7 8. Bxf6 Bxf6 9. cxd5 exd5 10. Be2 Nd7 11. b4 Be7 12. Qb3 Nf6 13. Ne5 a6 14. 0-0 Bd6 15. f4 Qe7 16. Rb1 a5 17. b5 Bb4 18. Bf3 Rad8 19. Rbc1 Kh8 20. a4 Ne4 21. Nxe4 dxe4 22. Be2 Bd5 23. Bc4 Bxc4 24. Rxc4 Qe6 25. f5 Qd5 26. Nc6 Bd2 27. Nxd8 Rxd8 28. Kf2 h5 29. Ke2 Bb4 30. Qc2 Bd6 31. g3 h4 32. gxh4 Bxh2 33. Rc6 Rf8 34. Qc4 Qd8 35. f6 g6 36. h5 Qd7 37. hxg6 Qg4+ 38. Kd2 Qxg6 39. Qe2 Bg1 40. Rf4 Qh6 41. Qe1 Rg8 42. Rh4 Bxe3+ 43. Kd1 1-0